| 000 | 00755nam a22002297a 4500 | ||
|---|---|---|---|
| 999 |
_c6762 _d6762 |
||
| 001 | 6762 | ||
| 003 | BD-JhCC | ||
| 005 | 20180207095112.0 | ||
| 008 | 180129b xxu||||| |||| 00| 0 eng d | ||
| 035 | _a(BD-JhCC)6762 | ||
| 040 |
_aBD-JhCC _dBD-JhCC |
||
| 041 | _aeng | ||
| 082 |
_a371 _bSTA 1999 |
||
| 100 | _aস্টাইগার, রালফ সি | ||
| 245 |
_aপাঠপ্রসঙ্গ / _c রালফ সি স্টাইগার, সরদার ফজলুল করিম (অনু.) |
||
| 260 |
_aঢাকা : _bমাওলা ব্রাদার্স, _c1999. |
||
| 300 |
_a127 p. : _c21 cm. |
||
| 650 | _aEducation | ||
| 700 | _aকরিম, সরদার ফজলুল | ||
| 942 |
_2ddc _cBK |
||